00855cam a22002411 4500001001300000003000400013005001700017008004100034010001700075035001900092040002800111042001200139050001800151100003500169245009500204260003800299300002200337490004100359500012900400504002900529700003800558999001700596g 01002318 DLC20260227111257.0800619s1892 mau b 000 0 ger  ag 01002318  a(OCoLC)6438146 aDLCcOKentUdOCoLCdDLC apremarc00aPT2374.D2bG71 aKeller, Gottfried,d1819-1890.10aDietegen.cNovelle von Gottfried Keller. With introduction and notes by Gustav Gruener ... aBoston,bGinn and Company,c1892. avi, 75 p.c18 cm.0 aInternational modern language series a"One of a collection of short village tales ... published in two volumes under the name, 'Die leute von Seedwyla'."--Introd. a"Keller's works": p. vi.1 aGruener, Gustav,d1863-1928,eed. c23948d23948